000 01183nem a2200241 i 4500
001 40217
003 ES-MaACL
005 20230906160151.0
007 t|
008 030305s1864 sp | |0|1||spa d
110 2 _aEspaña.
_bDirección General de Correos.
_9160394
245 1 0 _aCarta de Correos y Postas de las provincias de Huesca, Teruel y Zaragoza [
_hMaterial cartográfico] /
_ctrazada por la Dirección General de Correos.
247 0 1 _aLa h. pleg.: " Lista alfabética correspondiente a la Carta de Correos y Postas de Aragón, con todas las poblaciones que tienen correo diario en las provincias de Huesca, Teruel y Zaragoza"
255 _aEscala 1:500.000.
260 _a[Madrid?] :
_bDirección General de Correos,
_c1864.
300 _a1 h. pleg. :
_b1 map. col. ;
_c54,5 x 69,5 cm., pleg. en 14 x 10,5 cm.
501 _aEn el plano tabla de signos convencionales de conducciones y límites reflejados en el mapa.
507 _aEscala expresada también en leguas de 20.000 pies.
650 4 _aPostas-
_zHuesca-
_vPlanos.
_9160416
650 4 _aPostas-
_zTeruel-
_vPlanos.
_9160417
650 4 _aPostas-
_zZaragoza-
_vPlanos.
_9160418
852 _aES-MaACL
_jG-13395
999 _c40217
_d40217